00242nam a2200085Ia 4500008004100000020001600041245006100057260001000118300002800128191206s9999 xx 000 0 und d a9.78178E+12 0a"Shemurenga: The Zimbabwean women's movement, 1995-2000" cc2013 a"xi, 109 pages ; 21 cm"